Pioneros de la medicina alternativa / (Registro nro. 22100)

Detalles MARC
000 -LEADER
fixed length control field 01080cam a2200289 a 4500
003 - CONTROL NUMBER IDENTIFIER
control field CO-CtgCURN
005 - DATE AND TIME OF LATEST TRANSACTION
control field 20250331185157.0
007 - PHYSICAL DESCRIPTION FIXED FIELD--GENERAL INFORMATION
fixed length control field ta
008 - FIXED-LENGTH DATA ELEMENTS--GENERAL INFORMATION
fixed length control field 160810s2016 ck o gr 000 0dspa
020 ## - INTERNATIONAL STANDARD BOOK NUMBER
International Standard Book Number 9789589007204
040 ## - CATALOGING SOURCE
Original cataloging agency CO-CtgCURN
Language of cataloging spa
Transcribing agency coctgcurn
082 04 - DEWEY DECIMAL CLASSIFICATION NUMBER
Classification number 615.535
Item number E184
Edition information 23
100 1# - MAIN ENTRY--PERSONAL NAME
Personal name Echeverri S., Ana María.
245 10 - TITLE STATEMENT
Title Pioneros de la medicina alternativa /
Statement of responsibility, etc. Ana María Echeverri S.
250 ## - EDITION STATEMENT
Edition statement 1a. ed.
260 ## - PUBLICATION, DISTRIBUTION, ETC.
Place of publication, distribution, etc. Bogotá :
Name of publisher, distributor, etc. Grijalbo,
Date of publication, distribution, etc. 2016.
300 ## - PHYSICAL DESCRIPTION
Extent 357 p. :
Other physical details fot. byn ;
Dimensions 23 cm.
336 ## - CONTENT TYPE
Source rdacontent
337 ## - MEDIA TYPE
Source rdamedia
Media type term sin mediacion
Media type code n
338 ## - CARRIER TYPE
Source rdacarrier
Carrier type term volumen
Carrier type code nc
500 ## - GENERAL NOTE
General note Incluye datos biograficos del autor.
500 ## - GENERAL NOTE
General note "Conversaciones con Arturo O'Byrne, Santiago Rojas P., Elsa Lucia Arango, Ignacio Vergara Carulla, Julio Cesar Payan, Edgardo Maya, Federica C. Freydell M."--Cubierta.
650 14 - SUBJECT ADDED ENTRY--TOPICAL TERM
Topical term or geographic name entry element Medicina alternativa
Form subdivision Entrevistas.
650 14 - SUBJECT ADDED ENTRY--TOPICAL TERM
Topical term or geographic name entry element Naturopatia
Form subdivision Entrevistas.
852 ## - LOCATION
-- 42000
942 ## - ADDED ENTRY ELEMENTS (KOHA)
Koha item type Libros
Classification part 615.535
Item part E184
Source of classification or shelving scheme Dewey Decimal Classification
Existencias
Withdrawn status Lost status Source of classification or shelving scheme Damaged status Not for loan Collection Home library Current library Shelving location Date acquired Inventory number Total checkouts Full call number Barcode Date last seen Price effective from Koha item type Public note
    Dewey Decimal Classification     General Miguel Henríquez Emiliani Miguel Henríquez Emiliani General 03/31/2025 018307   615.535 E184 018307 03/31/2025 03/31/2025 Libros 610-CIENME